Estadísticas para Desafío - UwU

Haz click aquí para intentar la prueba.

Estadísticas generales

  • Esta prueba ha sido intentada 22 veces
  • La puntuación promedio es 46 de 150

Estadísticas de respuestas

Respuesta% Correcto
uwu
100%
uwu
94%
uwu
94%
uwu
94%
uwu
94%
uwu
94%
uwu
94%
uwu
94%
uwu
94%
uwu
94%
uwu
94%
uwu
88%
uwu
88%
uwu
88%
uwu
88%
uwu
88%
uwu
81%
uwu
81%
uwu
81%
uwu
81%
uwu
81%
uwu
81%
uwu
81%
uwu
81%
uwu
81%
uwu
81%
uwu
81%
uwu
63%
uwu
63%
uwu
56%
uwu
56%
uwu
56%
uwu
56%
uwu
56%
uwu
50%
uwu
50%
uwu
44%
uwu
44%
uwu
38%
uwu
38%
uwu
31%
uwu
31%
uwu
31%
uwu
25%
uwu
25%
uwu
25%
uwu
25%
uwu
25%
uwu
25%
uwu
25%
uwu
25%
uwu
25%
uwu
19%
uwu
13%
uwu
13%
uwu
13%
uwu
13%
uwu
13%
uwu
13%
uwu
13%
uwu
13%
uwu
13%
uwu
13%
uwu
13%
uwu
13%
uwu
13%
uwu
13%
uwu
13%
uwu
13%
uwu
13%
uwu
13%
uwu
13%
uwu
13%
uwu
13%
uwu
13%
uwu
13%
uwu
13%
uwu
13%
uwu
13%
uwu
13%
uwu
13%
uwu
13%
uwu
13%
uwu
13%
uwu
13%
uwu
13%
uwu
13%
uwu
13%
uwu
13%
uwu
13%
uwu
13%
uwu
13%
uwu
13%
uwu
13%
uwu
13%
uwu
13%
uwu
13%
uwu
13%
uwu
13%
uwu
13%
uwu
13%
uwu
13%
uwu
13%
uwu
13%
uwu
13%
uwu
13%
uwu
13%
uwu
13%
uwu
13%
uwu
13%
uwu
13%
uwu
13%
uwu
13%
uwu
13%
uwu
13%
uwu
13%
uwu
13%
uwu
13%
uwu
13%
uwu
13%
uwu
13%
uwu
13%
uwu
13%
uwu
13%
uwu
13%
uwu
13%
uwu
13%
uwu
13%
uwu
13%
uwu
13%
uwu
13%
uwu
13%
uwu
13%
uwu
13%
uwu
13%
uwu
13%
uwu
13%
uwu
13%
uwu
13%
uwu
13%
uwu
13%
uwu
13%
uwu
13%
uwu
13%
uwu
13%
uwu
13%
uwu
13%
uwu
13%
uwu
13%
uwu
13%

Distribución de puntuación

Porcentaje por número respondido

Porcentaje de gente con cada puntuación

Historial de tus puntuaciones

No has intentado esta prueba.